Central Library OPAC University of Rajshahi

Proceedings of the Ninth International Conference of Agricultural Economists : (Record no. 73454)

MARC details
000 -LEADER
fixed length control field 00881nam a2200217 a 4500
001 - CONTROL NUMBER
control field 73454
003 - CONTROL NUMBER IDENTIFIER
rucl marc code BD-RjUL
005 - DATE AND TIME OF LATEST TRANSACTION
control field 20211209082410.0
008 - FIXED-LENGTH DATA ELEMENTS--GENERAL INFORMATION
fixed length control field 170601s1956 nyua b 001 0 eng
035 ## - SYSTEM CONTROL NUMBER
System control number (BD-RjUL)73672
040 ## - CATALOGING SOURCE
Original cataloging agency DLC
Transcribing agency DLC
Modifying agency DLC
-- BD-RjUL
Language of cataloging eng
041 ## - LANGUAGE CODE
Language code of text/sound track or separate title eng
082 00 - DEWEY DECIMAL CLASSIFICATION NUMBER
Classification number 630
Edition number 23
Author mark and year PRO 1956
245 00 - TITLE STATEMENT
Title Proceedings of the Ninth International Conference of Agricultural Economists :
Remainder of title Held at Teekkarikyla, Otaniemi, Finland 19-26 August 1955 : The implications of technical change in agriculture /
Statement of responsibility, etc. International Conference of Agricultural Economists (9th : 1955 : Helsinki)
260 ## - PUBLICATION, DISTRIBUTION, ETC. (IMPRINT)
Place of publication, distribution, etc. London :
Name of publisher, distributor, etc. oxford university press,
Date of publication, distribution, etc. c1956
300 ## - PHYSICAL DESCRIPTION
Pagination 571 p. :
Size 22 cm.
Illustrations ill. ;
504 ## - BIBLIOGRAPHY, ETC. NOTE
Bibliography, etc Includes index.
650 ## - SUBJECT ADDED ENTRY--TOPICAL TERM
Topical term or geographic name as entry element Agriculture
9 (RLIN) 217302
710 ## - ADDED ENTRY--CORPORATE NAME
Corporate name or jurisdiction name as entry element International Conference of Agricultural Economists (9th : 1955 : Helsinki)
9 (RLIN) 217305
942 ## - ADDED ENTRY ELEMENTS (KOHA)
Source of classification or shelving scheme Dewey Decimal Classification
Koha item type Books
Holdings
Lost status Source of classification or shelving scheme Damaged status Not for loan Collection code Permanent Location Current Location Shelving location Date acquired Source of acquisition Cost, normal purchase price Total Checkouts Full call number Date last seen Copy number Koha item type
  Dewey Decimal Classification   Not For Loan Non-fiction Central Library, University of Rajshahi Central Library, University of Rajshahi Reading Room 29/01/1963 Zeitlinger 42.00   630 PRO 1956 01/06/2017 C-1 Books